Jak na zařazování nových automobilů do používání

Podmienky zaradenia automobilov do používania z hľadiska účtovných a daňových predpisov v ČR. Vyhláška k zákonu o účtovníctve pre podnikateľov č. 500/2002 Sb., a pre uvedenie hmotného majetku do užívania podľa zákona č. 56/2001 Sb., o prevádzke motorových vozidiel na pozemných komunikáciách.

Uložené v:
Podrobná bibliografia
Hlavný autor: Líbal, Tomáš
Médium: Kapitola
Jazyk:Czech
Predmet:
Tagy: Pridať tag
Žiadne tagy, Buďte prvý, kto otaguje tento záznam!

MARC

LEADER 00000naa a2200000 4500
001 0148838
005 20230925094027.0
041 0 |a cze 
044 |a CZ 
245 1 0 |a Jak na zařazování nových automobilů do používání  |c Tomáš Líbal 
520 |a Podmienky zaradenia automobilov do používania z hľadiska účtovných a daňových predpisov v ČR. Vyhláška k zákonu o účtovníctve pre podnikateľov č. 500/2002 Sb., a pre uvedenie hmotného majetku do užívania podľa zákona č. 56/2001 Sb., o prevádzke motorových vozidiel na pozemných komunikáciách. 
610 2 0 |a Česko 
610 2 0 |a metódy účtovné 
610 2 0 |a systémy účtovné 
610 2 0 |a postupy účtovné 
610 2 0 |a účtovníctvo 
610 2 0 |a odpisy účtovné 
610 2 0 |a odpisy daňové 
610 2 0 |a podnikatelia 
100 1 |a Líbal, Tomáš